Asamiya bhashar adhyayan (Record no. 2399)

MARC details
000 -LEADER
fixed length control field 00561cam a2200217ua 4500
008 - FIXED-LENGTH DATA ELEMENTS--GENERAL INFORMATION
fixed length control field 110826n ii |||gr||||Z||||||asm
020 ## - INTERNATIONAL STANDARD BOOK NUMBER
International Standard Book Number 81-7339-193-9
040 ## - CATALOGING SOURCE
Transcribing agency MAIN
082 ## - DEWEY DECIMAL CLASSIFICATION NUMBER
Classification number 491.45
100 1# - MAIN ENTRY--PERSONAL NAME
Personal name Nath, Prafulla Kr.,
Relator term
245 1# - TITLE STATEMENT
Title Asamiya bhashar adhyayan
Statement of responsibility, etc. by Prafulla kr. Nath
250 ## - EDITION STATEMENT
Edition statement 1st.
260 ## - PUBLICATION, DISTRIBUTION, ETC.
Place of publication, distribution, etc. Dibrugarh:
Name of publisher, distributor, etc. Banalata,997.
300 ## - PHYSICAL DESCRIPTION
Extent 159p:
Dimensions 23cm.
700 ## - ADDED ENTRY--PERSONAL NAME
Personal name Hazarika, Jyotirekha,
Relator term
942 ## - ADDED ENTRY ELEMENTS (KOHA)
Koha item type Books
653 ## - INDEX TERM--UNCONTROLLED
Uncontrolled term Language
653 ## - INDEX TERM--UNCONTROLLED
Uncontrolled term Assamese language
653 ## - INDEX TERM--UNCONTROLLED
Uncontrolled term Asamiya bhashar adhyayan
Holdings
Withdrawn status Lost status Damaged status Not for loan Home library Current library Shelving location Date acquired Total Checkouts Full call number Barcode Date last seen Date last checked out Copy number Price effective from Koha item type
        Central Library, Naharkatiya College Central Library, Naharkatiya College General Stacks 19/09/2020 1 491.45 | HAZ 9300 08/07/2022 06/04/2022 1 19/09/2020 Books

Naharkatiya College © 2020. All rights reserved.

Powered By